000 00592nam a2200217 a 4500
999 _c5066
_d5066
001 5066
003 BD-JhCC
005 20171213090958.0
008 171207s1369 bg ||||| |||| 00| 0 ben d
035 _a(BD-JhCC)5066
040 _aBD-JhCC
_dBD-JhCC
041 _aben
082 _a491.444
_bRAY 1369
100 _aরায়, হরলাল
245 _aউচ্চতর ব্যাকরণ ও ভাষা /
_c হরলাল রায়
260 _aঢাকা :
_c1369
300 _a346 p. :
_c21 cm.
650 _aBengali Language
942 _2ddc
_cBK